Best Selling Books - Statistics

General Stats
  • This quiz has been taken 106 times
  • The average score is 4 of 21
Answer Stats
Copies Sold Book % Correct
5 Billion Bible
95%
3 Billion The Quran
67%
150 Million The Lord of the Rings
46%
100 Million The Hobbit
28%
120 Million Harry Potter and the Philosopher's Stone
18%
65 Million Harry Potter and the Deathly Hallows
16%
80 Million The Da Vinci Code
16%
200 Million A Tale of Two Cities
13%
140 Million The Little Prince
12%
65 Million The Alchemist
10%
85 Million The Lion, the Witch and the Wardrobe
10%
100 Million Alice's Adventures in Wonderland
9%
100 Million And Then There Were None
8%
65 Million The Catcher in the Rye
8%
50 Million Anne of Green Gables
2%
83 Million She: A History of Adventure
1%
80 Million The Adventures of Pinocchio
1%
100 Million Dream of the Red Chamber
0%
50 Million Heidi's Years of Wandering and Learning
0%
60 Million Steps to Christ
0%
50 Million The Common Sense Book of Baby and Child Care
0%
No matching quizzes found
Score Distribution
Percent of People with Each Score
Percentile by Number Answered
Your Score History
You have not taken this quiz